[Event "14th Chigorin Mem"]
[Site "St-Petersburg RUS"]
[Date "2006.10.26"]
[Round "5"]
[White "Reshetnikov,A"]
[Black "Polschikov,A"]
[Result "1/2-1/2"]
[WhiteElo "2365"]
[BlackElo "2311"]

1.e4 c5 2.Nf3 d6 3.d4 cxd4 4.Nxd4 Nf6 5.Nc3 Nc6 6.Bg5 Bd7 7.Qd2 Rc8 8.O-O-O Nxd4
9.Qxd4 Qa5 10.Bxf6 gxf6 11.f4 Qc5 12.Qd2 f5 13.exf5 Bxf5 14.Bb5+ Kd8 15.Ba4 Qb4
16.Bb3 Bg7 17.Nd5 Qxd2+ 18.Rxd2 h5 19.Re1 Be6 20.f5 Bxd5 21.Rxd5 Rh7 22.Re4 b6  1/2-1/2

[Event "WYG12"]
[Site "Batumi GEO"]
[Date "2006.10.27"]
[Round "10"]
[White "Lach,A"]
[Black "Danelia,M"]
[Result "1-0"]
[WhiteElo "1982"]
[BlackElo "2022"]

1.e4 c5 2.Ne2 Nc6 3.d4 cxd4 4.Nxd4 Nf6 5.Nc3 d6 6.Bg5 e6 7.g3 Be7 8.Bg2 O-O
9.O-O Ne5 10.Ndb5 Ne8 11.Bxe7 Qxe7 12.f4 Nc6 13.a4 a6 14.Nd4 Qc7 15.Kh1 Qb6
16.Nb3 Na5 17.Nxa5 Qxa5 18.Qd4 Bd7 19.e5 Bc6 20.Bxc6 bxc6 21.exd6 Rd8 22.b4 Qh5
23.Qc5 Qg6 24.Rfd1 Qxc2 25.Ra2 Qf5 26.Rad2 Qxc5 27.bxc5 Nf6 28.a5 Nd7 29.Na4 Rb8
30.Nb6 Rfd8 31.Rc2 Kf8 32.Rb1 Ke8 33.Rbb2 h6 34.Kg2 Rb7 35.Nxd7 Rdxd7 36.Rb6 Rxb6
37.axb6 Rd8 38.Ra2 Ra8 39.Ra5 Kd7 40.Kf3 Kc8 41.Ke4 Kb7 42.Ke5 Rd8 43.Ra2 Rd7
44.g4 Rd8 45.h4 Rd7 46.h5 Rd8 47.g5 hxg5 48.fxg5 Rd7 49.h6 gxh6 50.gxh6 f5
51.Kxe6 Rh7 52.Rh2 f4 53.d7 Rh8 54.h7 f3 55.d8=Q  1-0

[Event "NWAPA Rector Cup"]
[Site "St Petersburg RUS"]
[Date "2006.10.30"]
[Round "1"]
[White "Ivanov,Al3"]
[Black "Lutsko,I"]
[Result "1/2-1/2"]
[WhiteElo "2437"]
[BlackElo "2489"]

1.e4 c5 2.Nf3 d6 3.d4 cxd4 4.Nxd4 Nf6 5.Nc3 Nc6 6.Bg5 e6 7.Qd2 a6 8.O-O-O Bd7
9.f3 h6 10.Be3 b5 11.Nxc6 Bxc6 12.Ne2 Qc7 13.Nd4 Bb7 14.Kb1 Be7 15.g4 Nd7
16.g5 hxg5 17.Bxg5 Ne5 18.Rg1 g6 19.f4 Nc6 20.Bxe7 Qxe7 21.Nxc6 Bxc6 22.Qc3 Kd7
23.f5 Rac8 24.f6 Qd8 25.Qa3 Qc7 26.Bg2 Rxh2 27.Qg3 Rch8 28.a3 Bb7 29.Rd3 Bxe4
30.Rc3 Qb7 31.Rd1 Bd5 32.Bxd5 exd5 33.Qg4+ Kd8 34.Qf4 Kd7 35.Qg4+  1/2-1/2

[Event "NWAPA Rector Cup"]
[Site "St Petersburg RUS"]
[Date "2006.10.31"]
[Round "2"]
[White "Khruschiov,A"]
[Black "Ivanov,Al3"]
[Result "0-1"]
[WhiteElo "2488"]
[BlackElo "2437"]

1.e4 c5 2.Nf3 d6 3.d4 cxd4 4.Nxd4 Nf6 5.Nc3 Nc6 6.Bg5 e6 7.Qd2 a6 8.O-O-O Nxd4
9.Qxd4 Be7 10.f4 b5 11.Bxf6 gxf6 12.e5 d5 13.Kb1 Rg8 14.f5 fxe5 15.Qxe5 Qd6
16.Qe3 b4 17.Na4 Rb8 18.fxe6 fxe6 19.Bc4 Bd7 20.Bb3 Rxg2 21.Rhe1 Kd8 22.Ka1 Rg4
23.h3 Re4 24.Qxe4 dxe4 25.Rxd6 Bxd6 26.Rxe4 e5 27.h4 Ke7 28.a3 a5 29.Ka2 Bc6
30.Re1 e4 31.c3 Kf6 32.cxb4 axb4 33.axb4 Bxb4 34.Nc3 Ke5 35.Rg1 Bxc3 36.bxc3 e3
37.Rg7 Rb7 38.Rg5+ Kf4 39.Bc4 Bf3 40.Rg8 Re7 41.Kb3 e2 42.Bxe2 Bxe2  0-1

[Event "NWAPA Rector Cup"]
[Site "St Petersburg RUS"]
[Date "2006.11.03"]
[Round "5"]
[White "Ivanov,Al3"]
[Black "Brodsky,M"]
[Result "0-1"]
[WhiteElo "2437"]
[BlackElo "2566"]

1.e4 c5 2.Nf3 Nc6 3.d4 cxd4 4.Nxd4 Nf6 5.Nc3 d6 6.Bg5 e6 7.Qd2 Be7 8.O-O-O Qb6
9.Nb3 O-O 10.f3 a6 11.Be3 Qc7 12.g4 b5 13.g5 Nd7 14.h4 Nce5 15.f4 b4 16.Na4 Nc4
17.Bxc4 Qxc4 18.Nb6 Nxb6 19.Bxb6 Qxe4 20.Rhe1 Qb7 21.Qe3 Re8 22.h5 Bd7 23.Na5 Qc8
24.h6 g6 25.Qd4 e5 26.fxe5 Bxg5+ 27.Kb1 Bxh6 28.exd6 Rb8 29.Re7 Bf8 30.Bc5 Bxe7
31.dxe7 Be6 32.a4 bxa3 33.Bxa3 Rb5 34.Qd8 f6 35.Nc4 Rb8 36.Qxc8 Bxc8 37.Nd6 Bg4
38.Re1 h5 39.Kc1 Bd7 40.Bc5 Rbc8 41.b4 Rc6 42.Kd2 h4 43.Kd3 g5 44.Kd4 Rxd6+
45.Bxd6 Kf7 46.c4 g4 47.Ke3 g3 48.Rh1 Rg8 49.Rg1 Rg4 50.Bf4 f5  0-1

[Event "British Rapidplay"]
[Site "Halifax ENG"]
[Date "2006.11.04"]
[Round "2"]
[White "Hanley,C"]
[Black "Kostic,Mis"]
[Result "1-0"]
[WhiteElo "2427"]
[BlackElo "2222"]

1.e4 c5 2.Nf3 Nc6 3.d4 cxd4 4.Nxd4 Nf6 5.Nc3 d6 6.Bg5 Qb6 7.Nb3 e6 8.Be2 a6
9.O-O Be7 10.Qd2 Ne5 11.Kh1 Qc7 12.f4 Ned7 13.Rae1 h6 14.Bh4 Nxe4 15.Nxe4 Bxh4
16.Nxd6+ Ke7 17.Rd1 b6 18.Bf3 Ra7 19.Nd4 Nb8 20.N4b5 axb5 21.Nxb5 Qc5 22.Nxa7 Ba6
23.b4 Qc7 24.b5 Qxa7 25.bxa6 f5 26.Qd6+ Kf7 27.Be2 Be7 28.Qd3 Rc8 29.Rfe1 Bf6
30.Qb3 Rc3 31.Bh5+ g6 32.Qxe6+ Kg7 33.Rd6 Kf8  1-0

[Event "NWAPA Rector Cup"]
[Site "St Petersburg RUS"]
[Date "2006.11.04"]
[Round "6"]
[White "Lintchevski,D"]
[Black "Ivanov,Al3"]
[Result "1-0"]
[WhiteElo "2455"]
[BlackElo "2437"]

1.e4 c5 2.Nf3 d6 3.d4 cxd4 4.Nxd4 Nf6 5.Nc3 Nc6 6.Bg5 e6 7.Qd2 a6 8.O-O-O Nxd4
9.Qxd4 Be7 10.h4 b5 11.e5 dxe5 12.Qxe5 Qb6 13.Ne4 Nxe4 14.Bxe7 Bb7 15.Bb4 f6
16.Qh5+ g6 17.Qh6 Bd5 18.Bd3 O-O-O 19.Bxe4 Bxe4 20.f3 Bd5 21.Be7 Rd7 22.Bxf6 Re8
23.Qf4 Kb7 24.Be5 Rc8 25.Rd4 Ka8 26.Qd2 Rb7 27.Kb1 Qc5 28.Re1 Rb6 29.c3 Rb7
30.Re3 Qb6 31.g4 Rc4 32.b3 Rxd4 33.Qxd4 Qxd4 34.cxd4 Rf7 35.f4 Kb7 36.Kb2 Rf8
37.Bd6 Rf7 38.Rc3 Bc6 39.Kc1 Rd7 40.Be5 Rd8 41.Kd2 Rc8 42.Re3 Bd5 43.Bd6 Kc6
44.Bc5 Rc7 45.Re5 Rf7 46.Ke3 a5 47.h5 gxh5 48.Rxh5 a4 49.bxa4 bxa4 50.a3 Rg7
51.Rh4 Rf7 52.Rh6 Kb5 53.Rh2 Rg7 54.Rh4 Rf7 55.Bd6 Kc6 56.Bb4 Kb6 57.Rh5 Rg7
58.Rxd5 exd5 59.f5 Kc6 60.f6 Rb7 61.Bc5 Rf7 62.Be7 Kd7 63.Kf4 Ke6 64.Kg5 h5
65.gxh5 Rh7 66.Kg6 Rh8 67.Kg7 Rb8 68.Bb4 Rb7+ 69.Kg6 Rc7 70.Bd2 Rf7 71.Bg5 Rf8
72.Kg7 Rf7+ 73.Kg8 Rc7 74.h6  1-0

[Event "Open"]
[Site "Santo Domingo DOM"]
[Date "2006.11.05"]
[Round "8"]
[White "Munoz,Li"]
[Black "Coplin,J"]
[Result "1-0"]
[WhiteElo "2396"]
[BlackElo "2117"]

1.e4 c5 2.Nf3 d6 3.d4 cxd4 4.Nxd4 Nf6 5.Nc3 Nc6 6.Bg5 e6 7.Qd2 Be7 8.f3 a6
9.O-O-O O-O 10.h4 Nxd4 11.Qxd4 e5 12.Qd2 Be6 13.Kb1 b5 14.g4 Rc8 15.Be3 Nd7
16.Nd5 Bxd5 17.exd5 Nb6 18.Bxb6 Qxb6 19.Bd3 a5 20.Qe2 b4 21.h5 a4 22.Qe4 f5
23.gxf5 Rf6 24.h6 Bf8 25.hxg7 Bxg7 26.Qh4 h6 27.Rhg1 Rcf8 28.Rg4 b3 29.Rdg1 R8f7
30.cxb3 axb3 31.a4 Qe3 32.Be4 Qd4 33.Qg3 Qxa4 34.Rxg7+ Kf8 35.Rxf7+ Rxf7
36.Qg8+  1-0

[Event "TCh-ROM Divizia A Masculin"]
[Site "Predeal ROM"]
[Date "2006.11.06"]
[Round "3"]
[White "Aldea,L"]
[Black "Valeanu,E"]
[Result "0-1"]
[WhiteElo "2389"]
[BlackElo "2361"]

1.e4 c5 2.Nf3 Nc6 3.d4 cxd4 4.Nxd4 Nf6 5.Nc3 d6 6.Bg5 e6 7.Qd2 a6 8.O-O-O Bd7
9.f4 b5 10.Bxf6 gxf6 11.f5 Nxd4 12.Qxd4 Bh6+ 13.Kb1 Bf4 14.Ne2 Be5 15.Qd2 Qb6
16.fxe6 fxe6 17.Nf4 Ke7 18.Nd3 Qd4 19.Be2 b4 20.Qxb4 Qxb4 21.Nxb4 Rab8 22.Nd3 Rxb2+
23.Nxb2 Rb8 24.Bxa6 Rxb2+ 25.Kc1 Rxa2 26.Bc4 Ra4 27.Bb3 Rxe4 28.g3 Bb5 29.Rhe1 Rg4
30.Re3 h5 31.c3 h4 32.Rg1 Bf4 33.Kd2 Bxe3+ 34.Kxe3 f5 35.Kf2 Ba4 36.Ba2 hxg3+
37.hxg3 d5 38.Rb1 Bc6 39.Bb3 Kd6 40.Rh1 Rg8 41.Rh4 Rb8 42.Bd1 Rb1 43.Be2 Ke5
44.Ke3 Rc1 45.c4 Rc3+ 46.Bd3 dxc4 47.Rxc4 Rxd3+  0-1

[Event "TCh-ROM Divizia A Masculin"]
[Site "Predeal ROM"]
[Date "2006.11.06"]
[Round "3"]
[White "Ardelean,G"]
[Black "Balla,Ta"]
[Result "1/2-1/2"]
[WhiteElo "2480"]
[BlackElo "2342"]

1.e4 c5 2.Nf3 Nc6 3.d4 cxd4 4.Nxd4 Nf6 5.Nc3 d6 6.Bg5 e6 7.Qd2 a6 8.O-O-O Bd7
9.f3 Be7 10.Be3 b5 11.g4 Nxd4 12.Bxd4 b4 13.Ne2 e5 14.Be3 Qa5 15.g5 Nh5 16.Kb1 Be6
17.b3 O-O 18.Ng3 Nf4 19.h4 f6 20.Qh2 Rac8 21.Bxf4 exf4 22.Nf5 Bxf5 23.exf5 Rc5
24.Bd3 Qa3 25.Rhe1 Bd8 26.Bc4+ Kh8 27.Rd5 Rxc4 28.bxc4 fxg5 29.hxg5 Bxg5
30.Rd3 Qa5 31.Qd2 Bf6 32.Re6 Be5 33.Rd5 Qa3 34.Rdxe5 dxe5 35.Qd6 Rg8 36.Qxe5 Qc3
37.Qxf4 a5 38.Re3 Qf6 39.c5 Rd8 40.Qd6 Qxd6 41.cxd6 Kg8 42.Rd3 h5 43.Kb2 Kf7
44.Kb3 h4 45.Ka4 h3 46.Rd2 Rh8 47.Rh2 Ke8 48.Kxa5 Kd7 49.Kxb4 Kxd6 50.c4 Ke5
51.c5 Kxf5 52.c6 Kf4 53.c7 Kg3 54.Rh1 Kg2 55.Rc1 h2 56.Kb5 g5 57.a4 Kxf3
58.a5 g4 59.a6 g3 60.a7 Rc8 61.Kb6 g2 62.Kb7 g1=Q 63.Rxg1 hxg1=Q 64.a8=Q Rxa8
65.Kxa8  1/2-1/2

[Event "Open"]
[Site "Santo Domingo DOM"]
[Date "2006.11.06"]
[Round "9"]
[White "Coplin,J"]
[Black "Cocogne,L"]
[Result "1-0"]
[WhiteElo "2117"]
[BlackElo "1939"]

1.e4 c5 2.Nf3 d6 3.d4 cxd4 4.Nxd4 Nf6 5.Nc3 Nc6 6.Bg5 e6 7.Qd2 a6 8.O-O-O Bd7
9.f3 Be7 10.h4 b5 11.g4 b4 12.Nxc6 Bxc6 13.Ne2 a5 14.Nd4 Bd7 15.Nb5 O-O 16.Nxd6 Qc7
17.Bf4 Qa7 18.Be3 Qc7 19.g5 Nh5 20.Nf5 Ba4 21.Nxe7+ Qxe7 22.Qd6 Qxd6 23.Rxd6 Ng3
24.Rg1 Nxf1 25.Rxf1 Rfc8 26.b3 Bb5 27.Rf2 a4 28.Rfd2 axb3 29.axb3 Kf8 30.Rb6 Rab8
31.Bc5+ Ke8 32.Rxb8 Rxb8 33.Bxb4 Rd8 34.Rxd8+ Kxd8 35.e5 Kd7 36.c4 Bc6 37.f4 Be4
38.Kd2 Kc6 39.Kc3 h5 40.Bf8 g6 41.b4 Kb6 42.b5 Bf3 43.Kd4 Be2 44.Be7 Bf1
45.Bd8+ Kb7 46.Kc5 Kc8 47.Ba5 Kd7 48.Kb4 Bg2 49.Bb6 Kc8 50.Bc5 Kb7 51.Bd6 Kb6
52.c5+ Ka7 53.c6 Kb6 54.Bc5+ Kc7 55.Ba7 Bf1 56.Kc5  1-0

[Event "TCh-NED 2006-7"]
[Site "Netherlands NED"]
[Date "2006.11.11"]
[Round "3"]
[White "Okkes,M"]
[Black "Nijboer,F"]
[Result "1-0"]
[WhiteElo "2355"]
[BlackElo "2598"]

1.e4 c5 2.Nf3 Nc6 3.d4 cxd4 4.Nxd4 Nf6 5.Nc3 d6 6.Bg5 e6 7.Qd2 a6 8.O-O-O Bd7
9.f4 b5 10.Bxf6 gxf6 11.f5 Nxd4 12.Qxd4 Bh6+ 13.Kb1 Bf4 14.Ne2 Be5 15.Qd2 Qb6
16.fxe6 fxe6 17.Ng1 Bc6 18.Bd3 O-O 19.Nf3 Qb7 20.Nxe5 dxe5 21.Rde1 Rad8 22.Qe3 a5
23.Rhf1 a4 24.g4 Qe7 25.Rf3 a3 26.b3 Rf7 27.Ref1 Rdf8 28.c3 Be8 29.b4 Rg7
30.h3 h5 31.Rg3 hxg4 32.hxg4 Bg6 33.Rgf3 Bh7 34.Rg3 Qa7 35.Qxa7 Rxa7 36.g5 Rg7
37.Rfg1 Kf7 38.gxf6 Rxg3 39.Rxg3 Rd8 40.Kc2 Kxf6 41.Kb3 Rc8 42.Rg4 Rd8 43.Bxb5 Rd2
44.Kxa3 Rf2 45.Bc6 Rf4 46.Rg1 Bxe4 47.Bxe4 Rxe4 48.b5 Rh4 49.Kb3 e4 50.a4 Ke5
51.a5 Kd6 52.a6 Kc5 53.a7 Rh8 54.Ra1  1-0

[Event "TCh-ROM Divizia A Masculin"]
[Site "Predeal ROM"]
[Date "2006.11.11"]
[Round "8"]
[White "Timoshenko,G"]
[Black "Balla,Ta"]
[Result "1-0"]
[WhiteElo "2550"]
[BlackElo "2342"]

1.e4 c5 2.Nf3 Nc6 3.d4 cxd4 4.Nxd4 Nf6 5.Nc3 d6 6.Bg5 e6 7.Qd2 a6 8.O-O-O Bd7
9.f3 Be7 10.Kb1 b5 11.Nxc6 Bxc6 12.h4 h6 13.Be3 h5 14.Ne2 Qc7 15.Nd4 Bb7
16.Bd3 Nd7 17.Bg5 Nc5 18.Qe2 g6 19.c3 Nxd3 20.Rxd3 Bxg5 21.hxg5 O-O-O 22.Rhd1 Rd7
23.b4 Rhd8 24.Nb3 Ba8 25.Kb2 e5 26.R1d2 Kb8 27.Qd1 Kc8 28.Qh1 Kb8 29.Qh3 Bc6
30.a3 Ka7 31.Qg3 Kb8 32.Qf2 Ba8 33.Qe3 Kc8 34.g3 Kb8 35.f4 Qc6 36.fxe5 dxe5
37.Na5 Qc7 38.Rxd7 Rxd7 39.Rxd7 Qxd7 40.Qb6+ Kc8 41.Qxa6+ Kb8 42.Qb6+ Kc8
43.Qc5+ Kd8 44.Qe3 Qg4 45.Qb6+ Ke7 46.Qc5+ Kd8 47.Qf8+ Kc7 48.Qxf7+ Kb6 49.Qxg6+ Ka7
50.Qg7+ Kb6 51.Qf6+ Ka7 52.Qf2+ Ka6 53.Nb3  1-0

[Event "TCh-ROM Divizia A Masculin"]
[Site "Predeal ROM"]
[Date "2006.11.11"]
[Round "8"]
[White "Butunoi,A"]
[Black "Murariu,A"]
[Result "*"]
[WhiteElo "2400"]
[BlackElo "2516"]

1.e4 c5 2.Nf3 Nc6 3.d4 cxd4 4.Nxd4 Nf6 5.Nc3 d6 6.Bg5 e6 7.Qd2 a6 8.O-O-O Bd7
9.f4 b5 10.Nxc6 Bxc6 11.Bd3 b4 12.Ne2 Qb6 13.Bxf6 gxf6 14.Ng3 h5 15.h4 a5
16.Kb1 a4 17.Bc4 Qc5 18.Qe2 Ra7 19.Rhf1 Rc7 20.b3 Ra7 21.Rf3 Bh6 22.Qf2 axb3
23.Bxb3 Qxf2 24.Rxf2 Ke7 25.Rd4 Rg8 26.Nxh5 Ra5 27.e5 fxe5 28.Rc4 e4 29.Rxc6 Rxh5
30.Rc7+ Kf6 31.f5 e3 32.Rf1 e2 33.Re1 Rxf5 34.Bc4 Rxg2 35.Rxe2 Rxe2 36.Bxe2 Ke5
37.Kb2 Bd2 38.Kb3 d5 39.Bd3 Rf3 40.h5 Kd6 41.Rc8 f5 42.Ka4 e5 43.Rd8+ Kc5
44.Rc8+ Kd4 45.h6 Bxh6 46.Kxb4 Bd2+ 47.Kb5 e4 48.Be2 Rc3 49.Rf8 f4 50.Bd1 f3
51.a4 Ra3 52.Kc6 Ra1 53.Bxf3 Rf1 54.a5 Rxf3 55.Rxf3 exf3 56.a6 f2 57.a7 f1=Q
58.a8=Q Qf6+ 59.Kb5 Qf1+ 60.Kc6 Qc4+ 61.Kd6 Bb4+ 62.Ke6 Qe2+ 63.Kf6 Qf2+
64.Ke6 Qe3+ 65.Kf6 Qh6+ 66.Kf7 Qf8+  *

[Event "TCh-ROM Divizia A Feminin"]
[Site "Predeal ROM"]
[Date "2006.11.12"]
[Round "9"]
[White "Sandu,Mi"]
[Black "Tutulan,M"]
[Result "1-0"]
[WhiteElo "2246"]
[BlackElo "2024"]

1.e4 c5 2.Nf3 Nc6 3.d4 cxd4 4.Nxd4 Nf6 5.Nc3 d6 6.Bg5 Bd7 7.Be2 a6 8.Qd2 b5
9.a3 h6 10.Bxf6 gxf6 11.Nf5 h5 12.f4 Bxf5 13.exf5 Qd7 14.Nd5 Ra7 15.a4 bxa4
16.Rxa4 Qxf5 17.Bf3 Nd8 18.Qe3 Rb7 19.O-O Bg7 20.Rxa6 Qe6 21.Qc3 Qd7 22.Re1 e5
23.fxe5 fxe5 24.Nb6 Rxb6 25.Rxb6 Rg8 26.Qd3 Ke7 27.Rd1 Bh6 28.Rxd6  1-0

[Event "ch-CRO"]
[Site "Kutina CRO"]
[Date "2006.11.13"]
[Round "3"]
[White "Brkic,A"]
[Black "Jankovic,A"]
[Result "1-0"]
[WhiteElo "2541"]
[BlackElo "2533"]

1.e4 c5 2.Nf3 d6 3.d4 cxd4 4.Nxd4 Nf6 5.Nc3 Nc6 6.Bg5 e6 7.Qd2 a6 8.O-O-O Bd7
9.f4 b5 10.a3 Qb6 11.e5 dxe5 12.Nf3 Nd5 13.Nxe5 Nxe5 14.Nxd5 Qb7 15.fxe5 exd5
16.Qxd5 Qxd5 17.Rxd5 Bc6 18.Rd3 Rc8 19.Be2 Be7 20.Rg3 Be4 21.c3 Bxg5+ 22.Rxg5 Rc5
23.Re1 h6 24.Rg3 Bb7 25.b4 Rc7 26.Rxg7 Rxc3+ 27.Kb2 Rc7 28.e6 Kf8 29.Rxf7+ Rxf7
30.exf7 Kxf7 31.Bf3 Bxf3 32.Rf1 Re8 33.Rxf3+ Kg6 34.Rc3 Kg5 35.Rc5+ Kg4 36.Rc6 Re2+
37.Kb3 Re3+ 38.Kb2 Re2+ 39.Kb1 Re1+ 40.Kc2 Re2+ 41.Kd3 Rxg2 42.Rg6+ Kf3 43.Rxh6 Ra2
44.Rf6+ Kg4 45.Rxa6 Rxh2 46.Kd4 Rh5 47.Rc6 Kf4 48.Rc5 Rh3 49.Rxb5 Rxa3 50.Rb8 Kf5
51.Re8 Kf6 52.b5 Kf7 53.Re1 Ra8 54.Kc5  1-0

[Event "ch-CRO"]
[Site "Kutina CRO"]
[Date "2006.11.16"]
[Round "6"]
[White "Saric,Iv"]
[Black "Kozul,Z"]
[Result "1/2-1/2"]
[WhiteElo "2482"]
[BlackElo "2589"]

1.e4 c5 2.Nf3 d6 3.d4 cxd4 4.Nxd4 Nf6 5.Nc3 Nc6 6.Bg5 e6 7.Qd2 a6 8.O-O-O Bd7
9.Nxc6 Bxc6 10.Qe1 Rc8 11.e5 Qa5 12.Bxf6 gxf6 13.exd6 Qe5 14.Qxe5 fxe5 15.Ne4 Kd8
16.f3 Rg8 17.Nc5 a5 18.Nd3 Bg7 19.Re1 f6 20.f4 Bh6 21.Kb1 Bxf4 22.Nxf4 exf4
23.Bc4 Rxg2 24.Bxe6 f3 25.Rhf1 f2 26.Re2 Bb5 27.c4 Bxc4 28.Bxc4 Rxc4 29.Rexf2 Rxf2
30.Rxf2 Rh4 31.Rxf6 Rxh2 32.Rf7 b5 33.Rb7 Rh5 34.Kc2 h6 35.Rh7 Rc5+ 36.Kb1 h5
37.a3 Rg5 38.Kc2 Rc5+  1/2-1/2

[Event "ch-CRO"]
[Site "Kutina CRO"]
[Date "2006.11.18"]
[Round "8"]
[White "Saric,Iv"]
[Black "Jankovic,A"]
[Result "0-1"]
[WhiteElo "2482"]
[BlackElo "2533"]

1.e4 c5 2.Nf3 d6 3.d4 cxd4 4.Nxd4 Nf6 5.Nc3 Nc6 6.Bg5 e6 7.Qd2 a6 8.O-O-O Bd7
9.f4 b5 10.a3 Be7 11.Nb3 b4 12.axb4 Nxb4 13.Kb1 Rb8 14.Be2 a5 15.Bxf6 gxf6
16.f5 Qb6 17.fxe6 fxe6 18.Qd4 Qc7 19.Qc4 Qxc4 20.Bxc4 Rg8 21.Nd4 Rxg2 22.Bxe6 Bxe6
23.Nxe6 Nxc2 24.Nc7+ Kf7 25.N7b5 Ne3 26.Rd4 f5 27.exf5 Bf6 28.Rd3 Nc4 29.b3 Na3+  0-1

[Event "Nacional de Mestres"]
[Site "Barreiro POR"]
[Date "2006.11.20"]
[Round "7"]
[White "Fernando,D"]
[Black "Santos,L"]
[Result "0-1"]
[WhiteElo "2465"]
[BlackElo "2368"]

1.e4 c5 2.Nf3 Nc6 3.d4 cxd4 4.Nxd4 Nf6 5.Nc3 d6 6.Bg5 Bd7 7.Qd2 Rc8 8.f3 Nxd4
9.Qxd4 Qa5 10.Qd2 h6 11.Be3 g6 12.O-O-O Bg7 13.Kb1 a6 14.Bd4 Kf8 15.a3 Be6
16.f4 Nd7 17.Be2 Bxd4 18.Qxd4 f6 19.Nd5 Qc5 20.Qd2 Nb6 21.Nxb6 Qxb6 22.g4 Rc5
23.h4 Qa5 24.Qd4 Qc7 25.Rc1 Bf7 26.Qf2 Kg7 27.Bd3 Bc4 28.Bxc4 Rxc4 29.Qe2 Qc6
30.Rhe1 Rf8 31.f5 Rc5 32.g5 fxg5 33.hxg5 h5 34.Rh1 Re5 35.Rce1 Rfxf5 36.Rh3 Rxg5
37.Rf3 Rg4 38.Qf2 Qc4 39.Rf1 Qxe4 40.Rf7+ Kh6 41.Rf8 Rg2 42.Rh8+ Kg5 43.Rg1 Rxg1+
44.Qxg1+ Qg4 45.Qc1+ Qf4 46.Qg1+ Qg4 47.Qc1+ Kh4 48.Rf8 Rf5 49.Qh1+ Kg5 50.Rg8 Kh6
51.Rh8+ Kg7 52.Re8 Kf7 53.Rc8 Qe2 54.Qxb7 Qd1+ 55.Ka2 Qd5+ 56.Qxd5+ Rxd5
57.b4 h4 58.Rc3 Rh5 59.Rh3 g5  0-1

[Event "ch-CRO"]
[Site "Kutina CRO"]
[Date "2006.11.21"]
[Round "11"]
[White "Brkic,A"]
[Black "Palac,M"]
[Result "1-0"]
[WhiteElo "2541"]
[BlackElo "2582"]

1.e4 c5 2.Nf3 Nc6 3.d4 cxd4 4.Nxd4 Nf6 5.Nc3 d6 6.Bg5 e6 7.Qd2 a6 8.O-O-O Bd7
9.f4 b5 10.a3 Be7 11.Nf3 b4 12.axb4 Nxb4 13.Bc4 Qc7 14.Qe2 e5 15.Rhf1 Bg4
16.h3 Bxf3 17.Rxf3 exf4 18.Nd5 Nbxd5 19.Bxd5 Nxd5 20.exd5 h6 21.Bxe7 Qxe7
22.Re1 Qxe2 23.Rxe2+ Kf8 24.Rxf4 h5 25.Ra4 Rh6 26.b4 Rf6 27.Ra5 Rf4 28.c3 h4
29.Kc2 Rf5 30.Rd2 Ke7 31.b5 Rb8 32.bxa6 Kd7 33.a7 Ra8 34.Kd3 Kc7 35.Rb2 Re5
36.c4 Re1 37.Ra6  1-0

[Event "19th Belgrade Trophy"]
[Site "Belgrade SRB"]
[Date "2006.11.23"]
[Round "2"]
[White "Martic,I"]
[Black "Martinovic,Sl"]
[Result "1/2-1/2"]
[WhiteElo "2325"]
[BlackElo "2440"]

1.e4 c5 2.Nf3 d6 3.d4 cxd4 4.Nxd4 Nf6 5.Nc3 Nc6 6.Bg5 Bd7 7.Qd2 Rc8 8.O-O-O Nxd4
9.Qxd4 Qa5 10.Bd2 Qc5 11.Qxc5 Rxc5 12.f3 g6 13.Be3 Rc6 14.Bd4 Bg7 15.Bb5 Rc8
16.Bxd7+ Kxd7 17.Bxa7 Bh6+ 18.Kb1 Rxc3 19.bxc3 b6 20.e5 Nh5 21.exd6 exd6
22.Rd4 Be3 23.Ra4 Ng7 24.Rb4 Kc6 25.Re1 Bc5 26.Re7 Rf8 27.Rf4  1/2-1/2

[Event "73rd ch-BRA"]
[Site "Guarulhos BRA"]
[Date "2006.11.27"]
[Round "5"]
[White "Diamant,A"]
[Black "Fier,A"]
[Result "1-0"]
[WhiteElo "2396"]
[BlackElo "2490"]

1.e4 c5 2.Nf3 d6 3.d4 cxd4 4.Nxd4 Nf6 5.Nc3 Nc6 6.Bg5 e6 7.Qd2 a6 8.O-O-O Bd7
9.f3 Rc8 10.g4 Ne5 11.Kb1 b5 12.Bd3 h6 13.Bxf6 gxf6 14.f4 Nc4 15.Bxc4 Rxc4
16.Rhe1 Qc7 17.Qd3 Kd8 18.e5 fxe5 19.fxe5 Bg7 20.Qf3 Rf8 21.exd6 Qb6 22.Re4 Rxd4
23.Rexd4 Bxd4 24.Qa8+ Bc8 25.d7 Kxd7 26.Qe4 Bb7 27.Rxd4+ Kc8 28.Qf4 Rd8 29.Rxd8+ Kxd8
30.a3 Ke7 31.h4 Qg1+ 32.Ka2 Qc5 33.Qxh6 Qc4+ 34.Kb1 Qxg4 35.b4 Bf3 36.Kb2 a5
37.Nxb5 axb4 38.a4 Bd5 39.Qh8 Qc4 40.Qe5 Be4 41.Qd6+ Kf6 42.Qf4+ Kg7 43.Qxf7+ Kxf7
44.Nd6+ Kg6 45.Nxc4 Kh5 46.a5 Bb7 47.Kb3 Kxh4 48.Kxb4 Kg5 49.Kc5 Kf4 50.Kb6 Bd5
51.Nd6 e5 52.c4 e4 53.cxd5 e3 54.a6 e2 55.a7 e1=Q 56.a8=Q Qb4+ 57.Nb5  1-0

[Event "Capablanca mem Open"]
[Site "Havana CUB"]
[Date "2006.11.27"]
[Round "7"]
[White "Barrientos,S"]
[Black "Almeida,O"]
[Result "0-1"]
[WhiteElo "2421"]
[BlackElo "2500"]

1.e4 c5 2.Nf3 d6 3.d4 cxd4 4.Nxd4 Nf6 5.Nc3 Nc6 6.Bg5 Bd7 7.Qd2 Rc8 8.Bxf6 gxf6
9.Nf5 Qa5 10.Ne3 h5 11.Bd3 Bh6 12.O-O Ne5 13.f4 Ng6 14.Ned5 h4 15.Qe2 Nxf4
16.Nxf4 Bxf4 17.Rxf4 Qb6+ 18.Qf2 Qxb2 19.Rb1 Qxc3 20.Rxh4 Rxh4 21.Qxh4 Qd4+
22.Kh1 e6 23.h3 b6 24.Rf1 Ke7 25.Rf4 Qa1+ 26.Kh2 Ba4 27.c4 Rc5 28.Qh6 Rg5
29.Be2 Rg6 30.Qh8 Qxa2 31.Rf2 Bd7 32.h4 Qd2 33.h5 Rh6 34.Qg7 Qg5 35.Qxg5 fxg5
36.g4 Rf6 37.Bf3 Rf4 38.Kg3 Bc6 39.h6 Kf8 40.Rd2 Bxe4 41.Bxe4 Rxe4 42.Rxd6 Kg8
43.Rd7 Rxc4 44.Rxa7 Rf4 45.Rb7 Kh7 46.Rxb6 Kxh6 47.Ra6 Kg6 48.Rb6 Rd4 49.Rc6 Re4
50.Kf3 f5 51.gxf5+ Kxf5 52.Rc8 g4+ 53.Kf2 Rf4+ 54.Kg3 Rf3+ 55.Kg2 e5 56.Rf8+ Ke4
57.Rg8 Kf4 58.Rf8+ Ke3 59.Rg8 e4 60.Rxg4 Rf8 61.Rg7 Ke2 62.Kg3 e3 63.Kg2 Rd8
64.Ra7 Rg8+ 65.Kh2 Ke1 66.Re7 e2 67.Rd7 Rg4 68.Kh3 Rg5 69.Rd8 Kf2 70.Rf8+ Kg1
71.Re8 Rg2  0-1

[Event "Capablanca mem Open"]
[Site "Havana CUB"]
[Date "2006.11.27"]
[Round "7"]
[White "Abreu,A"]
[Black "Borges Mateos,J"]
[Result "1/2-1/2"]
[WhiteElo "2465"]
[BlackElo "2431"]

1.e4 c5 2.Nf3 d6 3.d4 cxd4 4.Nxd4 Nf6 5.Nc3 Nc6 6.Bg5 e6 7.Qd2 a6 8.O-O-O Bd7
9.f3 Rc8 10.Nxc6 Bxc6 11.Kb1 Be7 12.Bd3 h6 13.Be3 d5 14.exd5 Nxd5 15.Nxd5 Bxd5
16.Rhe1 Bf6 17.Qb4 Qe7 18.Bd2 O-O 19.Qxe7 Bxe7 20.Ba5 f5 21.c4 Bxc4 22.Bxc4 Rxc4
23.Rxe6  1/2-1/2

[Event "ch-ROM"]
[Site "Predeal ROM"]
[Date "2006.11.27"]
[Round "1"]
[White "Epure,Ca"]
[Black "Moldovan,D"]
[Result "0-1"]
[WhiteElo "2111"]
[BlackElo "2450"]

1.e4 c5 2.Nf3 Nc6 3.d4 cxd4 4.Nxd4 Nf6 5.Nc3 d6 6.Bg5 e6 7.Qd2 a6 8.O-O-O Bd7
9.f4 b5 10.e5 dxe5 11.Nxc6 Bxc6 12.Qe3 Qc7 13.Qxe5 Qxe5 14.fxe5 Nd7 15.Bf4 Bc5
16.h4 Nb6 17.a3 O-O 18.Rh3 Rfd8 19.Rhd3 Rxd3 20.Rxd3 Kf8 21.h5 h6 22.g4 Be7
23.Rd2 Rd8 24.Rxd8+ Bxd8 25.Be2 Bc7 26.b3 Nd7 27.b4 Bxe5 28.Bxe5 Nxe5 29.a4 Nc4
30.Bxc4 bxc4 31.b5 axb5 32.axb5 Bf3 33.b6 Ke7 34.Kd2 Kd7 35.Nb5 Bb7 36.Nd4 Kd6
37.Ke3 Kc5 38.c3 Kxb6 39.Kf4 Kc5 40.Ne2 Kd6 41.Ke3 Ke5 42.Nd4 Be4  0-1

[Event "ch-ROM"]
[Site "Predeal ROM"]
[Date "2006.11.28"]
[Round "2"]
[White "Murariu,A"]
[Black "Valeanu,E"]
[Result "1/2-1/2"]
[WhiteElo "2516"]
[BlackElo "2361"]

1.e4 c5 2.Nf3 d6 3.d4 cxd4 4.Nxd4 Nf6 5.Nc3 Nc6 6.Bg5 e6 7.Qd2 a6 8.O-O-O Bd7
9.f4 h6 10.Bh4 Nxe4 11.Nxe4 Qxh4 12.Nf3 Qe7 13.Nxd6+ Qxd6 14.Qxd6 Bxd6 15.Rxd6 Ke7
16.Rd1 Rac8 17.a3 Rhd8 18.Bd3 Be8 19.Rhe1 Nd4 20.Nxd4 Rxd4 21.Be4 Rxd1+ 22.Rxd1 Bc6
23.Rd4 Bxe4 24.Rxe4 Kf6  1/2-1/2

[Event "19th Belgrade Trophy"]
[Site "Belgrade SRB"]
[Date "2006.11.29"]
[Round "8"]
[White "Krstic,P"]
[Black "Kiroski,T"]
[Result "1-0"]
[WhiteElo "2205"]
[BlackElo "2365"]

1.e4 c5 2.Nf3 d6 3.d4 cxd4 4.Nxd4 Nf6 5.Nc3 Nc6 6.Bg5 e6 7.Qd2 a6 8.O-O-O Bd7
9.f3 b5 10.Kb1 Be7 11.h4 Ne5 12.Bd3 Nc4 13.Bxc4 bxc4 14.h5 Rb8 15.Ka1 Qb6
16.Rb1 O-O 17.Be3 Qb7 18.g4 e5 19.Nde2 Be6 20.g5 Nd7 21.Ng3 Rfd8 22.Nd5 Bxd5
23.exd5 Nb6 24.Bxb6 Qxb6 25.c3 Qa5 26.Nf5 Bf8 27.Rbg1 g6 28.Ne3 Rdc8 29.hxg6 fxg6
30.Ng4 Rb7 31.Nf6+ Kh8 32.Rh4 Rcc7 33.Rgh1 Qb6 34.Qh2 h5 35.Nxh5 gxh5 36.Rxh5+ Kg7
37.Rh7+ Kg6 38.Qh5+ Kf5 39.Qg4+ Kg6 40.Qe6+ Kxg5 41.R7h5+ Kf4 42.Qg4+ Ke3
43.Qe4+  1-0

[Event "FSGM December"]
[Site "Budapest HUN"]
[Date "2006.12.02"]
[Round "12"]
[White "Boros,De"]
[Black "Pataki,G"]
[Result "1/2-1/2"]
[WhiteElo "2465"]
[BlackElo "2370"]

1.e4 c5 2.Nf3 Nc6 3.d4 cxd4 4.Nxd4 Nf6 5.Nc3 d6 6.Bg5 e6 7.Qd2 Be7 8.O-O-O Qb6
9.Ndb5 O-O 10.Qe1 Rd8 11.f3 Rd7 12.Be3 Qd8 13.Qf2 a6 14.Bb6 Qf8 15.Nd4 Bd8
16.Na4 e5 17.Nf5 d5 18.Bc5 Qe8 19.Nd6 Rxd6 20.Bxd6 d4 21.Nc5 b6 22.Nb3 Qe6
23.Ba3 b5 24.c3 Bb6 25.Kb1 Nd7 26.Qc2 Bb7 27.cxd4 Bxd4 28.Nxd4 exd4 29.b3 Rc8
30.Rc1 Nde5 31.Bd3 Nb4 32.Bxb4 Rxc2 33.Bxc2 d3 34.Bxd3 Nxd3 35.Rhd1 h6 36.Rxd3 Bxe4
37.fxe4 Qxe4 38.Rc8+  1/2-1/2

[Event "ch-RUS w"]
[Site "Gorodets RUS"]
[Date "2006.12.02"]
[Round "2"]
[White "Shadrina,T"]
[Black "Galliamova,A"]
[Result "1/2-1/2"]
[WhiteElo "2396"]
[BlackElo "2470"]

1.e4 c5 2.Nf3 Nc6 3.d4 cxd4 4.Nxd4 Nf6 5.Nc3 d6 6.Bg5 Bd7 7.Qd2 Nxd4 8.Qxd4 h6
9.Be3 Ng4 10.Bd2 e5 11.Qd3 Qb6 12.Qf3 Rc8 13.h3 Nf6 14.O-O-O Be7 15.g4 Be6
16.Bb5+ Kf8 17.Ba4 Qa5 18.Bb3 Bxb3 19.axb3 Qa1+ 20.Nb1 Nd7 21.h4 Nc5 22.b4 Ne6
23.Qa3 Qxa3 24.Nxa3 a6 25.b3 b5 26.Kb2 h5 27.g5 f6 28.g6 f5 29.exf5 Nd4 30.c4 bxc4
31.bxc4 Nxf5 32.Bg5 Bxg5 33.hxg5 h4 34.c5 dxc5 35.Nc4 Rh5 36.Nxe5 Rxg5 37.bxc5 Rg2
38.Kb3 Ke7 39.Rhe1 Kf6 40.Rd3 Kg5 41.c6 Rxf2 42.Rc1 Re2 43.Rd5 h3 44.c7 h2
45.Nf3+ Kg4 46.Rc4+  1/2-1/2